000 00407cam a22001217a 4500
008 180718b-- xxu||||| |||| 00| 0 eng d
082 _aT5064x54 In2
100 _aIndia. Ministry of Finance. Department of Economic Affairs. Insurance Division
245 _aIndian insurance year book
260 _aDelhi
_bController of Publications
_c--
500 _aLibrary has 1972
650 _aInsurance - Yearbooks - India
999 _c481807
_d481807